| 000 | 00642nam a22002177a 4500 | ||
|---|---|---|---|
| 005 | 20170124105930.0 | ||
| 010 | _aA-825797 | ||
| 020 |
_a0521395763 _c00.00 |
||
| 035 | _aA-825797 | ||
| 037 | _bCen Lib/Ret | ||
| 040 |
_aDPL _bEN |
||
| 082 |
_a882.33 _bSHA |
||
| 245 |
_aShakesear othello / _cedited by Jane Coles |
||
| 260 |
_aCambridge _bCambridge university press _c1992 |
||
| 270 |
_aCambridge _bCambridge |
||
| 300 |
_a236p. : _c22cm(Hb) _bill. |
||
| 650 |
_aOthello-cambridge school Shakespear _97969 |
||
| 650 |
_aShakespear -- William _990126 |
||
| 700 |
_aColes,Jane _97971 |
||
| 942 |
_2ddc _cEN _h882.33 _mSHA |
||
| 999 |
_c123770 _d123770 |
||